Normal view
MARC view
- Fiona Cownie and Judith Masson Alan C. Neal and David Newell
Entry Personal Name
001 - CONTROL NUMBER
- control field: 5739
003 - CONTROL NUMBER IDENTIFIER
- control field: OSt
005 - DATE AND TIME OF LATEST TRANSACTION
- control field: 20240313023746.0
008 - FIXED-LENGTH DATA ELEMENTS
- fixed length control field: 240313|| aca||aabn | a|a d
040 ## - CATALOGING SOURCE
- Original cataloging agency: OSt
100 ## - HEADING--PERSONAL NAME
- Personal name: Fiona Cownie and Judith Masson Alan C. Neal and David Newell
